<?xml version="1.0" encoding="UTF-8"?>
<record
    xmlns:xsi="http://www.w3.org/2001/XMLSchema-instance"
    xsi:schemaLocation="http://www.loc.gov/MARC21/slim http://www.loc.gov/standards/marcxml/schema/MARC21slim.xsd"
    xmlns="http://www.loc.gov/MARC21/slim">

  <leader>01472nam2a2200277   4500</leader>
  <controlfield tag="001">RU\NLR\BIBL_A\011465846</controlfield>
  <controlfield tag="005">20250626072421.0</controlfield>
  <datafield tag="010" ind1=" " ind2=" ">
    <subfield code="a">978-5-4224-1320-1</subfield>
    <subfield code="b">&#x442;.6</subfield>
  </datafield>
  <datafield tag="021" ind1=" " ind2=" ">
    <subfield code="a">RU</subfield>
    <subfield code="b">2017-58102</subfield>
    <subfield code="9">4127</subfield>
  </datafield>
  <datafield tag="035" ind1=" " ind2=" ">
    <subfield code="a">(NLR Aleph) 011465846</subfield>
  </datafield>
  <datafield tag="090" ind1=" " ind2=" ">
    <subfield code="a">11828067</subfield>
    <subfield code="c">11828067</subfield>
  </datafield>
  <datafield tag="100" ind1=" " ind2=" ">
    <subfield code="a">20170905d2017    |||y0rusy50      ca</subfield>
  </datafield>
  <datafield tag="101" ind1="1" ind2=" ">
    <subfield code="a">rus</subfield>
    <subfield code="c">fre</subfield>
  </datafield>
  <datafield tag="102" ind1=" " ind2=" ">
    <subfield code="a">RU</subfield>
  </datafield>
  <datafield tag="105" ind1=" " ind2=" ">
    <subfield code="a">c|||z|||001cy</subfield>
  </datafield>
  <datafield tag="200" ind1="1" ind2=" ">
    <subfield code="a">&#x41F;&#x443;&#x442;&#x435;&#x448;&#x435;&#x441;&#x442;&#x432;&#x438;&#x435; &#x43D;&#x430; &#x412;&#x43E;&#x441;&#x442;&#x43E;&#x43A;</subfield>
    <subfield code="e">[&#x43F;&#x443;&#x442;&#x435;&#x432;&#x44B;&#x435; &#x43E;&#x447;&#x435;&#x440;&#x43A;&#x438;</subfield>
    <subfield code="f">&#x43F;&#x435;&#x440;. &#x41C;. &#x417;&#x43E;&#x43D;&#x438;&#x43D;&#x43E;&#x439;, &#x418;. &#x41A;&#x443;&#x437;&#x43D;&#x435;&#x446;&#x43E;&#x432;&#x43E;&#x439;]</subfield>
  </datafield>
  <datafield tag="210" ind1=" " ind2=" ">
    <subfield code="d">2017</subfield>
    <subfield code="a">&#x411;. &#x43C;.</subfield>
  </datafield>
  <datafield tag="215" ind1=" " ind2=" ">
    <subfield code="a">398, [1] &#x441;.</subfield>
    <subfield code="c">&#x43F;&#x43E;&#x440;&#x442;&#x440;.</subfield>
  </datafield>
  <datafield tag="320" ind1=" " ind2=" ">
    <subfield code="a">&#x410;&#x43B;&#x444;. &#x443;&#x43A;&#x430;&#x437;. &#x43F;&#x440;&#x43E;&#x438;&#x437;&#x432;&#x435;&#x434;&#x435;&#x43D;&#x438;&#x439; &#x422;. &#x413;&#x43E;&#x442;&#x44C;&#x435;, &#x432;&#x43B;&#x44E;&#x447;&#x435;&#x43D;. &#x432; 1-6 &#x442;. &#x421;&#x43E;&#x431;&#x440;&#x430;&#x43D;&#x438;&#x44F; &#x441;&#x43E;&#x447;&#x438;&#x43D;&#x435;&#x43D;&#x438;&#x439;: &#x441;. 397</subfield>
  </datafield>
  <datafield tag="327" ind1="1" ind2=" ">
    <subfield code="a">&#x421;&#x43E;&#x434;&#x435;&#x440;&#x436;.: &#x440;&#x430;&#x437;&#x434;&#x435;&#x43B;&#x44B;: &#x412; &#x410;&#x444;&#x440;&#x438;&#x43A;&#x435;; &#x41A;&#x43E;&#x43D;&#x441;&#x442;&#x430;&#x43D;&#x442;&#x438;&#x43D;&#x43E;&#x43F;&#x43E;&#x43B;&#x44C;</subfield>
  </datafield>
  <datafield tag="461" ind1=" " ind2="0">
    <subfield code="1">001RU\NLR\BIBL_A\011469796</subfield>
    <subfield code="1">2001#$a&#x421;&#x43E;&#x431;&#x440;&#x430;&#x43D;&#x438;&#x435; &#x441;&#x43E;&#x447;&#x438;&#x43D;&#x435;&#x43D;&#x438;&#x439;$e[&#x43F;&#x435;&#x440;&#x435;&#x432;&#x43E;&#x434; &#x441; &#x444;&#x440;&#x430;&#x43D;&#x446;&#x443;&#x437;&#x441;&#x43A;&#x43E;&#x433;&#x43E;]$e&#x432; &#x448;&#x435;&#x441;&#x442;&#x438; &#x442;&#x43E;&#x43C;&#x430;&#x445;$f&#x422;&#x435;&#x43E;&#x444;&#x438;&#x43B;&#x44C; &#x413;&#x43E;&#x442;&#x44C;&#x435;$v&#x422;. 6</subfield>
    <subfield code="1">700#1$a&#x413;&#x43E;&#x442;&#x44C;&#x435;$b&#x422;.$g&#x422;&#x435;&#x43E;&#x444;&#x438;&#x43B;&#x44C;$f1811-1872$3RU\NLR\AUTH\7725984</subfield>
    <subfield code="9">11848731</subfield>
    <subfield code="a">&#x413;&#x43E;&#x442;&#x44C;&#x435;, &#x422;. (1811-1872)</subfield>
    <subfield code="c">&#x41C;&#x43E;&#x441;&#x43A;&#x432;&#x430;</subfield>
    <subfield code="d">2017</subfield>
    <subfield code="f">&#x422;&#x435;&#x43E;&#x444;&#x438;&#x43B;&#x44C; &#x413;&#x43E;&#x442;&#x44C;&#x435;</subfield>
    <subfield code="n">&#x422;&#x435;&#x440;&#x440;&#x430;</subfield>
    <subfield code="o">[&#x43F;&#x435;&#x440;&#x435;&#x432;&#x43E;&#x434; &#x441; &#x444;&#x440;&#x430;&#x43D;&#x446;&#x443;&#x437;&#x441;&#x43A;&#x43E;&#x433;&#x43E;] : &#x432; &#x448;&#x435;&#x441;&#x442;&#x438; &#x442;&#x43E;&#x43C;&#x430;&#x445;</subfield>
    <subfield code="t">&#x421;&#x43E;&#x431;&#x440;&#x430;&#x43D;&#x438;&#x435; &#x441;&#x43E;&#x447;&#x438;&#x43D;&#x435;&#x43D;&#x438;&#x439;</subfield>
    <subfield code="y">9785422413140</subfield>
    <subfield code="v">&#x422;. 6</subfield>
  </datafield>
  <datafield tag="942" ind1=" " ind2=" ">
    <subfield code="c">BOOK</subfield>
  </datafield>
  <datafield tag="980" ind1=" " ind2=" ">
    <subfield code="a">NB</subfield>
  </datafield>
  <datafield tag="995" ind1=" " ind2=" ">
    <subfield code="5">2017-09-05</subfield>
    <subfield code="a">ad</subfield>
    <subfield code="b">NLR01</subfield>
    <subfield code="c">NLR01</subfield>
    <subfield code="e">RF31</subfield>
    <subfield code="f">1-1975977</subfield>
    <subfield code="k">2017-3/24321</subfield>
    <subfield code="o">0</subfield>
    <subfield code="p">0.00</subfield>
    <subfield code="r">BOOK</subfield>
    <subfield code="s">2017324321_</subfield>
  </datafield>
  <datafield tag="995" ind1=" " ind2=" ">
    <subfield code="5">2017-09-05</subfield>
    <subfield code="a">ad</subfield>
    <subfield code="b">NLR01</subfield>
    <subfield code="c">NLR01</subfield>
    <subfield code="e">RF31</subfield>
    <subfield code="f">1-1975976</subfield>
    <subfield code="k">2017-3/24321</subfield>
    <subfield code="o">0</subfield>
    <subfield code="p">0.00</subfield>
    <subfield code="r">BOOK</subfield>
    <subfield code="s">2017324321_</subfield>
  </datafield>
</record>
